| 000 | 00421cam a22001457a 4500 | ||
|---|---|---|---|
| 008 | 180718b2008 xxu||||| |||| 00| 0 eng d | ||
| 020 | _a8125035109 | ||
| 082 | _aOA835x54 H761 | ||
| 100 | _aHood, John W. | ||
| 245 |
_aBeyond the world of apu: the films of Satyajit Ray _cby John W. Hood |
||
| 260 |
_aHyderabad _bOrient Longman _c2008 |
||
| 300 | _a476p. | ||
| 650 | _aRay, Satyajit, 1921-1992 | ||
| 650 | _aCinema -India | ||
| 999 |
_c420836 _d420836 |
||